=LDR 00000nam 2200000 4500 =001 INLIS000000000026616 =005 20251029094219 =035 ##$$a 0010-061300000026616 =008 251029################g##########0#ind## =041 ##$$a Ind =082 ##$$a R.495.131 =090 ##$$a R.495.103, Sut k =100 ##$$a Sutoyo =245 1#$$a Kamus saku Mandarin-Indonesia, Indonesia-Mandarin /$c Sutoyo =260 ##$$a Yogyakarta :$b Absolut,$c 2006 =300 ##$$a 465 hlm. ; $c 15 x 9 cm. =650 #4$$a Kamus Mandarin-Indonesia =850 ##$$a NBPNMAT =020 ##$$a 979-3641-07-X =084 ##$$a R.495.131 SUT k =250 ##$$a Cet. 4 =990 ##$$a 07890789 =990 ##$$a 07890789 =990 ##$$a 35183518 =990 ##$$a 20704952 =990 ##$$a 1200603516 =990 ##$$a 1200603517 =990 ##$$a 20704951 =990 ##$$a 1200603516 =990 ##$$a 20704952 =990 ##$$a 20704948 =990 ##$$a 20704951 =990 ##$$a 20704952